|
|
|
|
| LEADER |
01127nam a22002417a 4500 |
| 001 |
38144 |
| 003 |
BD-DhAAL |
| 008 |
220316t2013 bg a|||| |||| 00| 0 ben d |
| 999 |
|
|
|c 43805
|d 43805
|
| 020 |
|
|
|a 9789844144149
|
| 040 |
|
|
|a BD-DhAAL
|
| 041 |
|
|
|a ben
|
| 082 |
|
|
|a 891.4416
|
| 100 |
|
|
|a হোসেন, মোকারম
|9 47109
|
| 245 |
|
|
|a জীবনানন্দ দাশের রূপসী বাংলার পুষ্প-বৃক্ষ /
|c মোকারম হোসেন
|
| 246 |
|
|
|a Jibananda Daser ruposhi Banglar pushpo-briksho
|
| 260 |
|
|
|a ঢাকা :
|b অনিন্দ্য প্রকাশ,
|c ২০১৩.
|
| 300 |
|
|
|a ৮৭ পৃষ্ঠা :
|b সচিত্র ;
|c ২৪ সে.মি.
|
| 541 |
|
|
|a Donated By Akbar Ali Khan
|e 38144
|
| 600 |
|
|
|a দাশ, জীবনানন্দ,
|d ১৮৯৯-১৯৫৪.
|9 47110
|
| 852 |
|
|
|a Ayesha Abed Library
|c Akbar Ali Khan Collection
|
| 942 |
|
|
|2 ddc
|c BK
|
| 952 |
|
|
|0 0
|1 0
|2 ddc
|4 0
|6 891_441600000000000_HOS
|7 1
|9 70174
|a BRACUL
|b BRACUL
|c AAKC
|d 2022-03-16
|e Donated by Akbar Ali Khan
|l 0
|o 891.4416 HOS
|p 3010038144
|r 2022-03-16
|t 1
|w 2022-03-16
|y BK
|